Statistics for Trainspotting Cast

Click here to take the quiz!

General Stats

  • This quiz has been taken 19 times
  • The average score is 7 of 18

Answer Stats

HintAnswer% Correct
Mark "Rent Boy" RentonEwan McGregor
100%
Daniel "Spud" MurphyEwen Bremner
64%
Simon "Sick Boy" WilliamsonJonny Lee Miller
64%
Francis "Franco" BegbieRobert Carlyle
64%
Mikey ForresterIrvine Welsh
57%
Diane CoulstonKelly Macdonald
57%
Thomas "Tommy" MackenzieKevin McKidd
43%
Swanney "Mother Superior"Peter Mullan
43%
Mr. RentonJames Cosmo
36%
Game Show HostDale Winton
29%
AndreasKevin Allen
29%
Gail HoustonShirley Henderson
29%
Mrs. RentonEileen Nicholas
21%
Diane's MotherFiona Bell
21%
The DealerKeith Allen
21%
LizzyPauline Lynch
21%
AllisonSusan Vidler
21%
Gavin TemperleyStuart McQuarrie
14%

Score Distribution

Percentile by Number Answered

Percent of People with Each Score

Your Score History

You have not taken this quiz